00562nam a22001697a 450000500170000001000120001702000260002903500110005503700130006608200080007910000330008724500470012024600380016726000690020527000970027430000210037120230209122236.0 aUR-9496 a9789350738412c200.00 aU-8051 bDBAD/PUB a841 aمحمد اقبال فراز aزرناب /cمحمد اقبال فراز aZarnab /bBy Mohammed Iqbal Faraz aدہلیbایجو کیشنل پبلیشںگ ہاؤسc2016 ء a٣١٩١،وکیل سٹریٹ،کچہ پنڈت ، لال کان bدھلیe110006k23216162 a173 صc22cm(Hb)